000 00747nam a2200241Ia 4500
003 OSt
005 20220926020315.0
006 a|||||r|||| 00| 0
007 ta
008 220923b |||||||| |||| 00| 0 eng d
020 _c575.00
037 _b1050844, 08/03/2017, Atlantic Publisher & Distributers
_cGeneral Book
040 _aRTL
_cRTL
_beng
041 _2eng
_aeng
082 _aYxM64:g, Q2
100 _aNEBER Max
_9324113
245 0 _aProtestant ethic and spirit of capitalism
260 _aNew York
_bRoutledge
_c2012
300 _axlii, 271p.
_ccm.
650 _aEconomics
942 _hYxM64:g, Q2
_cGB
_2CC
999 _c633939
_d633939